L'Unification du droit : (Record no. 50400)
[ view plain ]
| 000 -LEADER | |
|---|---|
| fixed length control field | 01436nam a2200337 n 4500 |
| 003 - CONTROL NUMBER IDENTIFIER | |
| control field | EG-GICUC |
| 005 - DATE AND TIME OF LATEST TRANSACTION | |
| control field | 20260121101502.0 |
| 008 - FIXED-LENGTH DATA ELEMENTS--GENERAL INFORMATION | |
| fixed length control field | 251214s1959 it o|||fry|| 000| |fre|d |
| 040 ## - CATALOGING SOURCE | |
| Original cataloging agency | EG-GiCUC |
| Language of cataloging | fre |
| Transcribing agency | EG-GiCUC |
| Modifying agency | EG-GiCUC |
| Description conventions | Rda |
| 041 ## - LANGUAGE CODE | |
| Language code of text/sound track or separate title | eng |
| -- | fre |
| 082 04 - DEWEY DECIMAL CLASSIFICATION NUMBER | |
| Edition number | 21 |
| Classification number | 341.8 |
| Item number | UN |
| 092 04 - LOCALLY ASSIGNED DEWEY CALL NUMBER (OCLC) | |
| Edition number | 21 |
| 099 ## - LOCAL FREE-TEXT CALL NUMBER (OCLC) | |
| Classification number | Law1 REF 12 341.8 UN 1959 |
| 245 02 - TITLE STATEMENT | |
| Title | L'Unification du droit : |
| Remainder of title | (Annuaire 1958) Aperçu général des travaux pour l'unification du droit privé (Projets et Conventions) \<br/> |
| Statement of responsibility, etc. | Institut international pour l'unification du droit privé. |
| 246 1# - VARYING FORM OF TITLE | |
| Title proper/short title | = Unification of law : |
| Remainder of title | (Year-Book 1958) A general survey of work for the unification of private law (Drafts and Conventions) \ International Institute for the Unification of Private Law. |
| 264 #1 - PRODUCTION, PUBLICATION, DISTRIBUTION, MANUFACTURE, AND COPYRIGHT NOTICE | |
| Place of production, publication, distribution, manufacture | Rome : |
| Name of producer, publisher, distributor, manufacturer | Editions "Unidroit", |
| Date of production, publication, distribution, manufacture, or copyright notice | 1959. |
| 300 ## - PHYSICAL DESCRIPTION | |
| Extent | 279 page : |
| Other physical details | Photograph ; |
| Dimensions | 24 cm. |
| 336 ## - CONTENT TYPE | |
| Source | rda contenu |
| Content type term | texte |
| 337 ## - MEDIA TYPE | |
| Source | rda medias |
| Media type term | Ordinateur |
| 338 ## - CARRIER TYPE | |
| Source | transporteur rda |
| Carrier type term | Ressource en ligne |
| 500 ## - GENERAL NOTE | |
| General note | Title varies slightly.<br/><br/> |
| 504 ## - BIBLIOGRAPHY, ETC. NOTE | |
| Bibliography, etc. note | Bibliographic references |
| 546 ## - LANGUAGE NOTE | |
| Language note | Texte parallèle en anglais et en français |
| 650 ## - SUBJECT ADDED ENTRY--TOPICAL TERM | |
| Topical term or geographic name entry element | Droit international privé |
| Source of heading or term | qrmak |
| 650 ## - SUBJECT ADDED ENTRY--TOPICAL TERM | |
| Topical term or geographic name entry element | Private international law |
| Source of heading or term | qrmak |
| 651 1# - SUBJECT ADDED ENTRY--GEOGRAPHIC NAME | |
| Source of heading or term | qrmak |
| 710 #2 - ADDED ENTRY--CORPORATE NAME | |
| Corporate name or jurisdiction name as entry element | International Institute for the Unification of Private Law. |
| 856 40 - ELECTRONIC LOCATION AND ACCESS | |
| Uniform Resource Identifier | <a href="https://fll.law.cu.edu.eg/fulltext/bks/B12-01590.pdf">https://fll.law.cu.edu.eg/fulltext/bks/B12-01590.pdf</a> |
| 905 ## - Cataloger and Reviser Names | |
| Cataloger Name: | Rawan khaled |
| 942 ## - ADDED ENTRY ELEMENTS (KOHA) | |
| Source of classification or shelving scheme | Dewey Decimal Classification |
| Koha item type | Reference |
| Edition | 21 |
| Suppress in OPAC | No |
| Withdrawn status | Lost status | Source of classification or shelving scheme | Damaged status | Not for loan | Collection | Home library | Current library | Date acquired | Total checkouts | Full call number | Barcode | Date last seen | Copy number | Price effective from | Koha item type |
|---|---|---|---|---|---|---|---|---|---|---|---|---|---|---|---|
| Dewey Decimal Classification | Not for loan | القانون الدولي الخاص | جــــامعة القــاهرة | مكتبة كلية الحقوق - المبنى الرئيسي | 14.12.2025 | Law1 REF 12 341.8 UN 1959 1201590 C1 | B12-01590 | 14.12.2025 | 1 | 14.12.2025 | Books |